| Tag |
First Indicator |
Second Indicator |
Subfields |
| LEADER |
00000pam a2200000 a 4500 |
| 001 |
in00000083859 |
| 005 |
20151008054326.0 |
| 008 |
810604s1981 nyua b 10100 eng |
| 010 |
|
|
|a 79005306
|
| 020 |
|
|
|a 0890046107
|
| 035 |
|
|
|a (OCoLC)07573073
|
| 035 |
|
|
|9 AAJ0325AM
|
| 039 |
0 |
|
|a 2
|b 3
|c 3
|d 3
|e 3
|
| 040 |
|
|
|a DLC
|c DLC
|d TXA
|d UtOrBLW
|
| 049 |
|
|
|a TXAM
|c [932637]
|
| 050 |
0 |
0 |
|a QP88.4
|b .I57
|
| 060 |
|
0 |
|a W1 S0872G v. 36
|a QS 532.5.E7 I64 1980
|
| 082 |
0 |
|
|a 596.01/858
|2 19
|
| 245 |
0 |
0 |
|a Ion transport by epithelia /
|c editor, Stanley G. Schultz.
|
| 264 |
|
1 |
|a New York, N.Y. :
|b Raven Press,
|c [1981]
|
| 264 |
|
4 |
|c ©1981
|
| 300 |
|
|
|a xvii, 270 pages :
|b illustrations ;
|c 25 cm.
|
| 336 |
|
|
|a text
|b txt
|2 rdacontent
|
| 337 |
|
|
|a unmediated
|b n
|2 rdamedia
|
| 338 |
|
|
|a volume
|b nc
|2 rdacarrier
|
| 490 |
1 |
|
|a Society of General Physiologists series ;
|v v. 36
|
| 504 |
|
|
|a Includes bibliographies and index.
|
| 650 |
|
0 |
|a Epithelium.
|
| 650 |
|
0 |
|a Ions.
|
| 650 |
|
0 |
|a Biological transport, Active.
|
| 650 |
|
2 |
|a Electrophysiology
|x Congresses.
|
| 650 |
|
2 |
|a Ions
|x metabolism
|x Congresses.
|
| 650 |
|
2 |
|a Epithelium
|x physiology
|x Congresses.
|
| 700 |
1 |
|
|a Schultz, Stanley G.
|
| 830 |
|
0 |
|a Society of General Physiologists series ;
|v v. 36.
|
| 999 |
|
|
|a MARS
|
| 999 |
f |
f |
|s bf0350c1-c52a-3c80-8a5a-005d6f515f87
|i 48748459-9769-32d0-936d-57815eb2ef41
|t 0
|
| 952 |
f |
f |
|p ric
|a Texas A&M University
|b Rellis Campus
|c Joint Library Facility
|d Remote Storage
|t 0
|e QP88.4 .I57
|h Library of Congress classification
|i unmediated -- volume
|m A14806223302
|
| 998 |
f |
f |
|a QP88.4 .I57
|t 0
|l Remote Storage
|